000 00791nam a2200241Ia 4500
003 OSt
005 20220923211251.0
006 a|||||r|||| 00| 0
007 ta
008 Pun
020 _a9788178834030 (hbk)
_c140
024 _a246,399
037 _b7830/XII, 31/01/2011, Arsee Publishers
_cTextual
040 _aARTS
_cARTS
_bPun
041 _2Pun
_aPun
082 _aQ8441:21:g, 153P9
100 _aਗ਼ਖ਼ਰ, ਜਸਵੰਤ ਸਿੰਘ
_9156274
245 0 _aਸਿਖੁ ਸੁੋ ਖੋਜਿ ਲਹੈ
260 _aਲੁਧਿਆਣਾ
_b ਚੇਤਨਾ
_c2009
300 _a112ਪੰ
_ccm.
942 _hQ8441:21:g, 153P9
_cTEXL
_2CC
999 _c297959
_d297959